000 01729cam a22002054a 4500
005 20250605164110.0
008 250528s ||||||||||||||||||||||||d
035 _a17853
020 _a9789608568990
040 _aGR-AtMCL
_bgre
_dGR-AtMCL
_eAACR2
245 1 _aΟ Θάνατος του Πλησίον
260 _bΙταμός,
_c2011
300 _a152
520 _aΚαι όπως τότε που ο Νίτσε διακήρυξε το ''θάνατο του Θεού'', έτσι και τώρα είμαστε στο κατώφλι μιας τελείως νέας γης, εκεί όπου η ηθική της αγάπης δεν είναι πλέον εφικτή, επειδή έχει εκλέιψει το αντικείμενο της. Πρόλογος, Αρχή, Μακριά, Ταξίδια, Μέσα Επικοινωνίας, Εγγύτητα και Ένστικτο, Αλλοτρίωση, Η Ψυχοπάθεια της Επιτυχίας, Ακόμη Μέσα Επικοινωνίας, Ακόμη Απόσταση, Ο Πληθωρισμός της Απόστασης, Λόγος, Μετανάστες, Αποδιοπομπαίοι Τράγοι, Τείχη, Απόσταση από Κοντά και Εγγύτητα από Μακριά, Χικικομόρι, Υπολογιστής, Χρόνος, Μαζί, Αδέρφια, Τα Κινήματα, Αμερική, Κίνα Ευρώπη, Η Απουσία της Ψυχολογίας, Αξίες, Πυροβολείτε, Πρόκληση, Συν, Μόνο Ύμνοι, Βιβλιογραφικές Σημειώσεις.
700 1 _aZoja Luigi
_94137
700 1 _aΑλαβάνου Αριάδνη
_94138
942 _cBK
999 _c3253
_d3253